Science Quiz

Random Science or Country Quiz

Olive Oil Producing Countries (Map) Quiz Stats

 Plays Quiz not verified by Sporcle

Score 0/20 Timer 04:00
0 Plays Today
% Correct
Italy
93.1%
Spain
92.7%
France
88.2%
Greece
84.1%
Turkey
82.5%
United States
80.9%
Portugal
74%
Egypt
72%
Algeria
68.7%
Morocco
65.4%
% Correct
Tunisia
63%
Libya
62.6%
Israel
51.6%
Albania
47.2%
Australia
46.3%
Syria
44.7%
Lebanon
40.7%
Argentina
33.3%
Jordan
30.5%
Cyprus
30.1%

You're not logged in!

Compare scores with friends on all Sporcle quizzes.
OR
Log In

Show Comments

Extras

Top Quizzes Today


Score Distribution

Your Account Isn't Verified!

In order to create a playlist on Sporcle, you need to verify the email address you used during registration. Go to your Sporcle Settings to finish the process.

Report this User

Report this user for behavior that violates our Community Guidelines.

Details: